LEADER 01507nam 2200445 450 001 9910708274603321 005 20131104131216.0 035 $a(CKB)4970000000046970 035 $a(OCoLC)862075437 035 $a(EXLCZ)994970000000046970 100 $a20131104d2013 ua 0 101 0 $aeng 135 $aurmn||||||||| 181 $2rdacontent 182 $2rdamedia 183 $2rdacarrier 200 10$aPrivate health insurance $ethe range of base premiums in the individual market by state in January 2013 /$fJohn E. Dicken 210 1$aWashington, DC :$cU.S. Government Accountability Office,$d2013. 215 $a1 online resource (60 pages) 300 $aTitle from title screen (viewed Oct. 31, 2013). 300 $a"July 23, 2013." 300 $a"GAO-13-712R." 320 $aIncludes bibliographical references. 517 $aPrivate Health Insurance 606 $aHealth insurance premiums$zUnited States 606 $aHealth insurance$xRates$zUnited States 606 $aInsurance exchanges$zUnited States 606 $aHealth care reform$zUnited States 615 0$aHealth insurance premiums 615 0$aHealth insurance$xRates 615 0$aInsurance exchanges 615 0$aHealth care reform 700 $aDicken$b John E.$01382684 712 02$aUnited States.$bGovernment Accountability Office, 801 0$bGPO 801 1$bGPO 906 $aDOCUMENT 912 $a9910708274603321 996 $aPrivate health insurance$93427254 997 $aUNINA LEADER 00976nam0 22002651i 450 001 UON00347855 005 20231205104328.359 100 $a20091126d1987 |0itac50 ba 101 $aeng 102 $aGB 105 $a|||| 1|||| 200 1 $aQuartet$fJean Rhys 210 $aHarmondsworth$cPenguin Books$d1987 215 $a144 p.$d20 cm. 410 1$1001UON00347851$12001 $aPenguin Modern Classics$1210 $aHarmondsworth$cPenguin Books. 620 $aGB$dHarmondsworth$3UONL000315 676 $a823.914$cNarrativa inglese, 1945-1999$v21 700 1$aRHYS$bJean$3UONV125567$0168037 712 $aPenguin Books$3UONV246450$4650 801 $aIT$bSOL$c20240220$gRICA 899 $aSIBA - SISTEMA BIBLIOTECARIO DI ATENEO$2UONSI 912 $aUON00347855 950 $aSIBA - SISTEMA BIBLIOTECARIO DI ATENEO$dSI Angl VI A RHY 03 $eSI LO 37952 5 03 996 $aQuartet$91359535 997 $aUNIOR